LEADER 00872nam a2200217 i 4500 001 000000156213 003 CaOOAMICUS 005 20250430120937.0 008 090922s1989 it u000 u fre u 013 $a133568 040 $aSeMil$bita 245 10$aTome 2 /$cGilles Dorival. 300 $a383 p. 490 0 $aSpicilegium Sacrum Lovaniense : études et documents ;$vFascicule44 773 0 $aDorival, Gilles$tChaînes exégétiques grecques sur les psaumes.$dLouvain : Spicilegium Sacrum Lovaniense, 1986-2018.$kSpicilegium Sacrum Lovaniense$g2$w()22055 830 0$aSpicilegium Sacrum Lovaniense ;$v44.$0(OLS)http://semarc/title/359 850 $aSeMil 852 $aSeMil$W1$xVenegono$y1$m2IA B 44$j256374$B108015$CSeMilBibl$Z2$F144373 $81 961 $aAcquisto: Città Nuova (Agente) 996 $6245$aTome 2$9(OLS)http://semarc/title/55541 LEADER 00967nam a2200217 i 4500 001 000000252966 003 CaOOAMICUS 005 20231116120536.0 008 170216s1776 it u000 u ita u 013 $a231871 026 $arema lela m.io Moaq (3) 1776 (R) 040 $aSeMil$bita 100 1 $aMolossi, Giambattista.$0(OLS)http://semarc/name/89828 245 10$aParte 2. 300 $a[2], 307, [i.e. 280], [3] p., [3] carte di tav. :$bill., ritr. 500 $aSegn.: pg1 A-P8 Q4 R-S8 (S8 bianca). 773 0 $aMolossi, Giambattista$tMemorie d'alcuni uomini illustri della città di Lodi con una preliminare dissertazione dell'antica Lodi dedicate al signor conte abbate d. Cristoforo Barni giureconsulto collegiato, e patrizio lodigiano. Parte 1. [-2.].$g2$w()12256 850 $aSeMil 852 $aSeMil$W1$xVenegono$y1$m3P V 22 FA$j203312$B203312$CSeMilBibl$Z2$F216051 $8I 996 $6245$aParte 2$9(OLS)http://semarc/title/108333